Transmaterial : (Record no. 21611)

MARC details
000 -CABECERA
campo de control de longitud fija 00797nam a2200229 4500
003 - IDENTIFICADOR DEL NÚMERO DE CONTROL
campo de control OSt
005 - FECHA Y HORA DE LA ÚLTIMA TRANSACCIÓN
campo de control 20260601193845.0
008 - DATOS DE LONGITUD FIJA--INFORMACIÓN GENERAL
campo de control de longitud fija 260504b2006 nyua|||| |||| 00| 0 eng d
040 ## - FUENTE DE LA CATALOGACIÓN
Centro catalogador/agencia de origen ICI
Lengua de catalogación spa
Centro/agencia transcriptor ICI
050 ## - SIGNATURA TOPOGRÁFICA DE LA BIBLIOTECA DEL CONGRESO
Número de clasificación TA403.6
Número de documento/Ítem T73 2010
100 #1 - ENTRADA PRINCIPAL--NOMBRE DE PERSONA
Nombre de persona Blaine Brownell
9 (RLIN) 31332
245 #0 - MENCIÓN DE TÍTULO
Título Transmaterial :
Resto del título a catalog of materials that redefine our physical environment /
Mención de responsabilidad, etc. edited by Blaine Brownell
264 ## - PRODUCCIÓN, PUBLICACIÓN, DISTRIBUCIÓN, FABRICACIÓN Y COPYRIGHT
Producción, publicación, distribución, fabricación y copyright New York :
Nombre del de productor, editor, distribuidor, fabricante Princeton Architectural Press,
Fecha de producción, publicación, distribución, fabricación o copyright c2006
300 ## - DESCRIPCIÓN FÍSICA
Extensión 237 páginas :
Otras características físicas ilustraciones
336 ## - TIPO DE CONTENIDO
Término de tipo de contenido texto
Fuente rdacontent
337 ## - TIPO DE MEDIO
Nombre/término del tipo de medio sin medio
Fuente rdamedia
338 ## - TIPO DE SOPORTE
Nombre/término del tipo de soporte volumen
Fuente rdacarrier
650 ## - PUNTO DE ACCESO ADICIONAL DE MATERIA--TÉRMINO DE MATERIA
Término de materia o nombre geográfico como elemento de entrada Materiales
Subdivisión general Innovaciones tecnológicas
9 (RLIN) 31333
650 ## - PUNTO DE ACCESO ADICIONAL DE MATERIA--TÉRMINO DE MATERIA
Término de materia o nombre geográfico como elemento de entrada Materiales
Subdivisión de forma Catálogos
9 (RLIN) 31334
700 ## - PUNTO DE ACCESO ADICIONAL--NOMBRE DE PERSONA
Nombre de persona Brownell, Blaine Erickson,
Fechas asociadas al nombre 1970-
Término indicativo de función/relación editor
9 (RLIN) 31335
942 ## - ELEMENTOS DE PUNTO DE ACCESO ADICIONAL (KOHA)
Fuente del sistema de clasificación o colocación Dewey Decimal Classification
Tipo de ítem Koha Libros
Holdings
Estado de retiro Estado de pérdida Fuente del sistema de clasificación o colocación Estado dañado No para préstamo Localización permanente Ubicación/localización actual Fecha de adquisición Total de préstamos Signatura topográfica completa Código de barras Fecha visto por última vez Número de copia Precio válido a partir de Tipo de ítem Koha
El ejemplar forma parte de la colección y puede ser consultado según las políticas vigentes.   Library of Congress Classification     Biblioteca de Diseño Museo Franz Mayer Biblioteca de Diseño Museo Franz Mayer 04/05/2026   TA403.6 T73 2010 BDIMFM000402 04/05/2026 Ej.1 04/05/2026 Libros